| 000 | 00412nam a22001457a 4500 | ||
|---|---|---|---|
| 008 | 250512b |||||||| |||| 00| 0 eng d | ||
| 020 | _a9780860374169 | ||
| 050 |
_aBP130.4 _b.T69 |
||
| 100 | _aIshaq Zafar Ansari | ||
| 245 | _aTowards Understanding the Quran | ||
| 260 |
_aUnited Kingdom _bThe Islamic Foundation _c2007 |
||
| 300 | _aiix, 1028P. | ||
| 650 | _aQuran - criticism, Interpretation, etc | ||
| 942 | _cBK | ||
| 999 |
_c3408 _d3408 |
||